| 000 | 005510000a22002050004500 | ||
|---|---|---|---|
| 003 | LK-CoMWRAF | ||
| 005 | 20231102163227.0 | ||
| 008 | 230817t ||||| |||| 00| 0 eng d | ||
| 020 | _a8125907106 | ||
| 040 |
_aLK-CoMWRAF _dLK-CoMWRAF _eLK-CoMWRAF |
||
| 041 | _aeng | ||
| 082 |
_a335 _bTHI |
||
| 100 | _aThiruchadran, Selvy | ||
| 245 |
_aThe other victims of war _bEmergence of female headed households in Eastern Sri Lanka |
||
| 260 |
_aColombo : _bWERC, _c1999 |
||
| 300 | _a151p | ||
| 490 | _aVol-2 | ||
| 650 | _aArmed conflict | ||
| 942 | _cBK | ||
| 999 |
_c3026 _d3026 |
||